East Timor establishing the foundations of sound macroeconomic management

Na minha lista:
Detalhes bibliográficos
Formato: Livro
Idioma:inglês
Publicado em: Washington, D.C. IMF 2000
Assuntos:
Tags: Adicionar Tag
Sem tags, seja o primeiro a adicionar uma tag!

MARC

LEADER 00000nam$a2200000$$$4500
001 0007940
005 20221129100850.5
020 |a 1-55775-961-8 
041 0 |a eng 
044 |a US 
245 1 0 |a East Timor  |b establishing the foundations of sound macroeconomic management 
264 1 |a Washington, D.C.  |b IMF  |c 2000 
300 |a 42 s. 
610 2 0 |a Indonézia 
610 2 0 |a Východný Timor 
610 2 0 |a situácia hospodárska 
610 2 0 |a politika hospodárska 
610 2 0 |a makroekonomika 
610 2 0 |a Medzinárodný menový fond 
610 2 0 |a Svetová banka 
610 2 0 |a rozvoj hospodársky 
610 2 0 |a financie verejné 
610 2 0 |a údaje štatistické